| 000 | 00000nam 2200000zi 4500 |
| 001 | 9.908214 |
| 003 | CaOODSP |
| 005 | 20240202134715 |
| 006 | m o d f |
| 007 | cr ||||||||||| |
| 008 | 220217e202312##oncd o f00| 0 fre d |
| 020 | |a9780660421292 |
| 040 | |aCaOODSP|bfre|erda|cCaOODSP |
| 043 | |an-cn--- |
| 086 | 1 |aT29-170/2023F-PDF |
| 245 | 00|aModifications canadiennes au Recueil international de règles de stabilité à l'état intact, 2008. |
| 250 | |a2e édition. |
| 264 | 1|a[Ottawa] : |bTransports Canada = Transport Canada, |cdécembre 2023. |
| 264 | 4|c©2023 |
| 300 | |a1 ressource en ligne (iv, 14 pages) : |bgraphiques |
| 336 | |atexte|btxt|2rdacontent/fre |
| 337 | |ainformatique|bc|2rdamedia/fre |
| 338 | |aressource en ligne|bcr|2rdacarrier/fre |
| 500 | |aPublié aussi en anglais sous le titre : Canadian modifications to the International Code on Intact Stability, 2008. |
| 650 | 6|aNavires|xSécurité|xRèglements|zCanada. |
| 650 | 6|aRoulis (Navigation) |
| 650 | 6|aArchitecture navale|xSécurité|xRèglements|zCanada. |
| 710 | 1 |aCanada. |bTransports Canada, |eorganisme de publication. |
| 775 | 08|tCanadian modifications to the International Code on Intact Stability, 2008.|w(CaOODSP)9.908213 |
| 856 | 40|qPDF|s2.17 Mo|uhttps://publications.gc.ca/collections/collection_2024/tc/T29-170-2023-fra.pdf |
| 986 | |aTP 7301F |